Empowering single parents. (Record no. 14693)

000 -LEADER
fixed length control field 00608nam a2200205 a 4500
001 - CONTROL NUMBER
control field :::00012526$&:&@@
003 - CONTROL NUMBER IDENTIFIER
control field OkBaRHE
005 - DATE AND TIME OF LATEST TRANSACTION
control field 20000607103420.0
008 - FIXED-LENGTH DATA ELEMENTS--GENERAL INFORMATION
fixed length control field s1994 j 000 0 eng u
040 ## - CATALOGING SOURCE
Transcribing agency
100 1# - MAIN ENTRY--PERSONAL NAME
Personal name Cynaumon, Greg,
245 10 - TITLE STATEMENT
Title Empowering single parents.
260 ## - PUBLICATION, DISTRIBUTION, ETC. (IMPRINT)
Place of publication, distribution, etc Chicago, IL., :Moody Press
Date of publication, distribution, etc 1994
300 ## - PHYSICAL DESCRIPTION
Extent 239 p. ;
Dimensions 23 cm.
650 ## - SUBJECT ADDED ENTRY--TOPICAL TERM
Topical term or geographic name as entry element Family
General subdivision United States
650 ## - SUBJECT ADDED ENTRY--TOPICAL TERM
Topical term or geographic name as entry element Single Parents
General subdivision United States
700 ## - ADDED ENTRY--PERSONAL NAME
Personal name Cynaumon, Dana.
942 ## - ADDED ENTRY ELEMENTS (KOHA)
Source of classification or shelving scheme
Koha item type Books
Copies
Lost status Damaged status Shelving location Permanent Location Date last seen Koha item type Withdrawn status Date acquired Copy number Full call number Not for loan Price effective from Source of classification or shelving scheme Barcode
  General StacksRHEMA Bible Training College2010-04-14Books 2010-04-141HQ 755.8 .C9 2010-04-14 12526